000 00350 a2200169 4500
001 184022
020 _a85-322-5017-3
040 _cMagnum
100 _aDe La Jara, Fatima
240 1 0 _aLa sorpresa
_lESP
245 1 0 _aLa sorpresa
300 _a23
362 0 _a2002
440 1 _aFTD
697 _aLITERATURA INFANTIL ESPANHOLA
942 _cBK
999 _c184022
_d184022